Plan estratégico de renovación urbana para la comunidad de El Erizo en Alajuela
Guardat en:
| Autor principal: | |
|---|---|
| Altres autors: | , |
| Format: | Desconegut |
| Idioma: | Spanish |
| Publicat: |
[San José, Costa Rica]
2017
|
| Matèries: |
REHABILITACION URBANA - ALAJUELA (COSTA RICA)
> PLANIFICACION ESTRATEGICA - ALAJUELA (COSTA RICA)
> ALAJUELA (COSTA RICA) - CONDICIONES SOCIALES
> ALAJUELA (COSTA RICA) - CONDICIONES ECONOMICAS
> LALAJUELA (COSTA RICA) - CONDICIONES AMBIENTALES
> PARTICIPACION COMUNITARIA - ALAJUELA (COSTA RICA)
> POLITICA DE VIVIENDA - ALAJUELA (COSTA RICA)
> ARQUITECTURA - ALAJUELA (COSTA RICA) - DISEÑOS Y PLANOS
> ARQUITECTURA Y ESTADO - ALAJUELA (COSTA RICA
|
| Etiquetes: |
Afegir etiqueta
Sense etiquetes, Sigues el primer a etiquetar aquest registre!
|
MARC
| LEADER | 00000 a2200000 4500 | ||
|---|---|---|---|
| 003 | EA0173 | ||
| 005 | 20230227112954.0 | ||
| 008 | 140114s2017 cr a 000 ||spa d | ||
| 040 | |c cru CEDI | ||
| 090 | |a TFG EA-173 | ||
| 100 | |a Calderón Monge, Laddy Daniela |9 20331 | ||
| 245 | |a Plan estratégico de renovación urbana para la comunidad de El Erizo en Alajuela | ||
| 260 | |a [San José, Costa Rica] |c 2017 | ||
| 500 | |a Proyecto de graduación (licenciatura en arquitectura)--Universidad de Costa Rica. Facultad de Ingeniería. Escuela de Arquitectura | ||
| 501 | |a Director de Proyecto de Graduación: Arq. Manuel Morales Alpízar | ||
| 650 | |x REHABILITACION URBANA - ALAJUELA (COSTA RICA) |x PLANIFICACION ESTRATEGICA - ALAJUELA (COSTA RICA) |x ALAJUELA (COSTA RICA) - CONDICIONES SOCIALES |x ALAJUELA (COSTA RICA) - CONDICIONES ECONOMICAS |x LALAJUELA (COSTA RICA) - CONDICIONES AMBIENTALES |x PARTICIPACION COMUNITARIA - ALAJUELA (COSTA RICA) |x POLITICA DE VIVIENDA - ALAJUELA (COSTA RICA) |x ARQUITECTURA - ALAJUELA (COSTA RICA) - DISEÑOS Y PLANOS |x ARQUITECTURA Y ESTADO - ALAJUELA (COSTA RICA |9 20333 | ||
| 700 | |9 20332 |a Rojas Quirós, Laura Lizbeth | ||
| 700 | |9 74 |a Morales Alpízar, Manuel, 1977- |d Director del TFG | ||
| 942 | |c CEDI | ||
| 999 | |c 12798 |d 12798 | ||
